000 00877nam a2200241Ia 4500
003 OSt
005 20220923213705.0
006 a|||||r|||| 00| 0
007 ta
008 220922b |||||||| |||| 00| 0 hin d
024 _a164,048
037 _cTextual
040 _aARTS
_cARTS
_bhin
041 _2hin
_ahin
082 _aO152,1N2:g, K7
100 _aउदयभानु सिंह, संपा.
245 0 _aछायावाद
_b छायावाद कर लिखित श्रेष्ठ निंबधों का संग्रह
246 _aChhāyāvāda: chhāyāvād kar likhit shreṣhṭha nianbadhoan kā sangraha
260 _c1967
650 _aहिन्दी साहित्य
_9156264
942 _hO152,1N2:g, K7
_cTEXL
_2CC
999 _c318528
_d318528